Statistics for LEGO Ninjago: Army Leader per Season

Click here to take the quiz!

General Stats

  • This quiz has been taken 824 times
    (823 since last reset)
  • The average score is 4 of 10

Answer Stats

SeasonLeader% Correct
Season 1 (The Snake Army)Pythor
85%
Pilot (The Skulkin Army)Samukai
74%
Season 5 (The Ghost Army)Morro
68%
Season 6 (The Sky Pirates)Nadakhan
50%
Season 4 (the Anacondrai Cultists)Master Chen
46%
Season 8 (The Sons Of garmadon)Harumi
38%
Season 2 (The Stone Army)General Kozu
30%
Season 3 (The Nindroid Army)General Cryptor
28%
Season 9 (The Dragon Hunters)Iron Baron
24%
Season 7 (The Vermillion Army)Acronix & Krux
3%

Score Distribution

Percentile by Number Answered

Percent of People with Each Score

Your Score History

You have not taken this quiz since the last reset